000 00694nam a2200193 i 4500
001 37311
003 ES-MaACL
005 20230906155537.0
007 t|
008 030220s1947 sp ||||1| spa d
100 1 _aBuergel, Bruno H.
_932416
245 1 4 _aLos mundos lejanos, el universo como conjunto maravilloso /
_cBruno H. Buergel ; versión española por Manuel Alvarez Castrillón y Julio Gadea.
250 _a2ª ed.
260 _aBarcelona :
_bLabor,
_c[1947] (
_fTall. Graf. Ibero-Americanos)
300 _aVIII, 605 p., 48 lám. :
_bil., map. ;
_c22 cm.
700 1 _aAlvarez Castrillón, Manuel.
_920730
700 1 _aGadea, Julio.
_953189
852 _aES-MaACL
_jF-52226
_bR.27032
999 _c37311
_d37311